000 00543nam a2200181 a 4500
005 20140412111241.0
008 001129s19uu xx 00 eng d
020 _a0-201-19324-8
050 _aBB
_bHa212 1989
245 _aThe hare and the tortoise, level B /
_cillustrator John Sandford.
260 _aReading, Massachusetts :
_bAddison-Wesley Publishing Comp,
_c1989.
300 _a16 p. ; ill.
440 _aAddison - Wesley, Level B
650 _aTortoise stories
650 _aChildren stories
999 _c102737
_d102737